[Event "Titled Tuesday intern op 04th Apr Early"]
[Site "Chess.com INT"]
[Date "2023.04.04"]
[Round "9"]
[White "Aponte Rodriguez, Alejandro"]
[Black "Pranav, Anand"]
[Result "0-1"]
[WhiteElo "2080"]
[BlackElo "2525"]
[PlyCount "70"]
[EventDate "2023.04.04"]
[EventType "swiss (blitz)"]
[EventRounds "11"]
[EventCountry "USA"]
[SourceTitle "EXT 2024"]
[Source "ChessBase"]
[SourceDate "2023.10.10"]
[SourceVersion "1"]
[SourceVersionDate "2023.10.10"]
[SourceQuality "1"]

1. g4 d6 2. Bg2 c6 3. g5 h6 4. h4 e5 5. d3 Be6 6. c4 Ne7 7. Nc3 Nf5 8. Nf3 Nd7 9. Bd2 Be7 10. b4 Qc7 11. b5 Rc8 12. bxc6 bxc6 13. Rb1 h5 14. Rb2 Nc5 15. Qb1 0-0 16. Be3 Nxe3 17. fxe3 Rb8 18. Kf2 Rxb2 19. Qxb2 Rb8 20. Qc2 d5 21. cxd5 cxd5 22. Rc1 e4 23. dxe4 dxe4 24. Nd4 Bd6 25. Nxe4 Nxe4+ 26. Bxe4 Qd7 27. Qc6 Qe7 28. Bf5 Bxa2 29. Qc8+ Rxc8 30. Rxc8+ Qf8 31. Rxf8+ Bxf8 32. g6 a5 33. gxf7+ Bxf7 34. Bd7 Be7 35. Nf5 Bc5 0-1

[Event "Titled Tuesday intern op 04th Apr Early"]
[Site "Chess.com INT"]
[Date "2023.04.04"]
[Round "7"]
[White "Gutierrez Olivares, Daniel"]
[Black "Aponte Rodriguez, Alejandro"]
[Result "0-1"]
[WhiteElo "2354"]
[BlackElo "2080"]
[PlyCount "48"]
[EventDate "2023.04.04"]
[EventType "swiss (blitz)"]
[EventRounds "11"]
[EventCountry "USA"]
[SourceTitle "EXT 2024"]
[Source "ChessBase"]
[SourceDate "2023.10.10"]
[SourceVersion "1"]
[SourceVersionDate "2023.10.10"]
[SourceQuality "1"]

1. Nf3 a6 2. g3 b5 3. d3 Bb7 4. Nbd2 Nf6 5. e4 e6 6. Bg2 d5 7. 0-0 dxe4 8. Ng5 Be7 9. Ngxe4 Nxe4 10. dxe4 0-0 11. a4 Nd7 12. Qe2 Nc5 13. Rd1 Nxa4 14. Nc4 Qc8 15. Na5 Rb8 16. Nxb7 Qxb7 17. Rd7 Bc5 18. e5 Qb6 19. b3 Nc3 20. Qd3 Bxf2+ 21. Kf1 Bg1 22. Qf3 Nd5 23. h4 f6 24. Qg4 Qf2# 0-1

[Event "Titled Tuesday intern op 01st Nov Early"]
[Site "Chess.com INT"]
[Date "2022.11.01"]
[Round "4"]
[White "Bashirli, Saadat"]
[Black "Aponte Rodriguez, Alejandro"]
[Result "1-0"]
[WhiteElo "1541"]
[BlackElo "2080"]
[PlyCount "71"]
[EventDate "2022.11.01"]
[EventType "swiss (blitz)"]
[EventRounds "11"]
[EventCountry "USA"]
[SourceTitle "EXT 2024"]
[Source "ChessBase"]
[SourceDate "2023.10.10"]
[SourceVersion "1"]
[SourceVersionDate "2023.10.10"]
[SourceQuality "1"]

1. d4 d5 2. c4 e6 3. Nc3 Nf6 4. cxd5 Nxd5 5. e4 Nxc3 6. bxc3 c5 7. Nf3 cxd4 8. cxd4 Bb4+ 9. Bd2 Bxd2+ 10. Qxd2 0-0 11. Bc4 Nd7 12. 0-0 b6 13. Rac1 Bb7 14. Rfe1 Nf6 15. Bd3 Rc8 16. Bb1 Rxc1 17. Qxc1 Qa8 18. Qf4 Qb8 19. Ne5 Qc7 20. h3 Qc3 21. Rd1 h6 22. Kh2 b5 23. Nf3 Rc8 24. Bd3 b4 25. Qe3 a5 26. e5 Bxf3 27. Qxf3 Nd5 28. Qe4 g6 29. Qh4 Kg7 30. Qg3 a4 31. Qg4 b3 32. axb3 axb3 33. Qe2 b2 34. Bb1 Qc1 35. Qd3 Qxd1 36. Qxd1 1-0

[Event "COL-chT Cup"]
[Site "Bogota"]
[Date "2015.06.08"]
[Round "5.4"]
[White "Medina Coneo, Arlintong"]
[Black "Aponte Rodriguez, Alejandro"]
[Result "1/2-1/2"]
[WhiteElo "1682"]
[BlackElo "1890"]
[PlyCount "103"]
[EventDate "2015.06.06"]
[EventType "team-swiss"]
[EventRounds "6"]
[EventCountry "COL"]
[SourceTitle "CBM 166 Extra"]
[Source "ChessBase"]
[SourceDate "2015.06.18"]
[SourceVersion "1"]
[SourceVersionDate "2015.06.18"]
[SourceQuality "1"]
[WhiteTeam "Caqueta"]
[BlackTeam "Cesar"]
[WhiteTeamCountry "COL"]
[BlackTeamCountry "COL"]

1. c4 Nf6 2. d4 g6 3. Nc3 d5 4. cxd5 Nxd5 5. Nf3 Nxc3 6. bxc3 Bg7 7. e4 0-0 8. Bc4 c5 9. Be3 Nc6 10. 0-0 Bg4 11. e5 cxd4 12. cxd4 e6 13. Be2 h6 14. Qd2 Kh7 15. Rab1 b6 16. Rfc1 Ne7 17. h3 Bxf3 18. Bxf3 Rc8 19. Bb7 Rxc1+ 20. Rxc1 Qd7 21. Ba6 Rd8 22. Qc2 Nd5 23. Bd2 Qe7 24. g3 Rd7 25. Qc8 Rc7 26. Rxc7 Qxc7 27. Kf1 Qxc8 28. Bxc8 Bf8 29. Ke2 Bb4 30. Ba6 Bxd2 31. Kxd2 Kg7 32. a3 f6 33. Bc4 Nc7 34. f4 g5 35. Ke3 f5 36. g4 fxg4 37. hxg4 gxf4+ 38. Kxf4 b5 39. Ba2 a5 40. Ke4 Kf7 41. Bb3 Ke7 42. Ba2 Kd7 43. d5 Nxd5 44. Bxd5 exd5+ 45. Kxd5 b4 46. axb4 axb4 47. Kc4 Ke6 48. Kxb4 Kxe5 49. Kc3 Kf4 50. Kd2 Kf3 51. Ke1 Kxg4 52. Kf1 1/2-1/2